Esquipulas II: una reflexión a los 45 días

Reflexiona, unos cuarenta y cinco días después de efectuada la reunión, sobre los alcances de Esquipulas II, la cual se enmarca dentro de una coyuntura favorable para la firma de tales acuerdos, y que está antecedida por una serie de acontecimientos políticos, económicos y sociales que fueron evoluc...

Deskribapen osoa

Gorde:
Xehetasun bibliografikoak
Formatua: Texto
Gaiak:
Etiketak: Etiketa erantsi
Etiketarik gabe, Izan zaitez lehena erregistro honi etiketa jartzen!

MARC

LEADER 00000 a a2200000 04500
001 12086
003
040
245 |a Esquipulas II:   |b una reflexión a los 45 días  
520 |a Reflexiona, unos cuarenta y cinco días después de efectuada la reunión, sobre los alcances de Esquipulas II, la cual se enmarca dentro de una coyuntura favorable para la firma de tales acuerdos, y que está antecedida por una serie de acontecimientos políticos, económicos y sociales que fueron evolucionando poco a poco. El artículo también resalta el papel jugado por el Grupo de Contadora, al cual, según el articulista, no se le dió espacio de diálogo. Por último, también analiza el papel que ha jugado la administración Reagan en todo ese procerso. HBQ/eb  
650 |a PLANES DE PAZ  
650 |a CONDICIONES ECONOMICAS  
650 |a GRUPO DE CONTADORA  
650 |a RELACIONES EXTERIORES  
650 |a CONDICIONES SOCIALES  
773 |g número 45; páginas 1-2  
999 |c 27672  |d 27672